1004 1482 1780 1413 1410 1345 1508 1656 1139 1268 1626 2000 1964 1706 1771 1385 1036 1718 1821 1900 1235 1046 1624 1456 1592 1776 1419 1466 1803 1569 1963 1349 1821 1816 1196 1873 1961 1175 1621 1347 1355 1430 1897 1157 1067 1273 1681 1029 1689 1143 1562 1317 1935 1106 1123 1768 1576 1253 1093 1172 1138 1190 1068 1321 1066 1642 1481 1150 1451 1972 1711 1053 1936 1759 1719 1189 1377 1676 1601 1203 1462 1294 1804 1360 1701 1830 1070 1698 1191 1035 1388 1767 1605 1211 1440 1872 1259 1847 1611 BCNSPRNW ULIB Ver.6.0+V

เปลี่ยนเป็นภาษาไทย

Change to English
 แสดงรายละเอียดบรรณานุกรม
  กลับหน้าหลัก

Brief Record : Get Marc (ISO 2709) : E-mail record : QR code < ปิดหน้าต่าง
LEADER : 00000nam 2200000uu 4500
001    13399120824
003     ULIB
008    121018s2549||||th 000 0 tha d
020    ^a974999387X
060 04 ^aWQ100^bอ345O 2549
245 00 ^aOB & GYN :^bupdate & practical V /^cบรรณาธิการ: สุรางค์ ตรีรัตนชาติ, สุกัญญา ชัยกิตติศิลป์
250    ^aพิมพ์ครั้งที่ 1
260    ^aกรุงเทพฯ :^bภาควิชาสูติศาสตร์-นรีเวชวิทยา คณะแพทยศาสตร์จุฬาลงกรณ์มหาวิทยาลัย,^c2549
300    ^axii, 140 หน้า :^bภาพประกอบ, ตาราง, แผนภูมิ ;^c29 ซม
650  2 ^aGynecology^xcollected works
650  2 ^aObstetrics^xcollected works
650  7 ^aนรีเวชวิทยา^xรวมเรื่อง
650  7 ^aสูติศาสตร์^xรวมเรื่อง
700 0  ^aสุรางค์ ตรีรัตนชาติ
700 0  ^aสุกัญญา ชัยกิตติศิลป์
710 2  ^aจุฬาลงกรณ์มหาวิทยาลัย.^bภาควิชาสูติศาสตร์-นรีเวชวิทยา
945    ^p0^l0^i24753
995    ^aกัณชพร
999 ^a ใช้งานได้ทุกระบบ
รายการนี้ยังไม่มีแท็ก
คุณยังไม่ได้ล็อกอิน คุณสามารถมีกิจกรรมร่วมกับเว็บไซต์ได้ แต่ต้องล็อกอินก่อน ::
  ล็อกอิน

รายการสื่อสารสนเทศ

ลำดับที่ ประเภท เลขเรียก/บาร์โค้ด สถานที่ สถานะ
1. วิทยาศาสตร์การแพทย์ และสุขภาพ
วิทยาศาสตร์การแพทย์ และสุขภาพ
WQ100 อ345O 2549  
  Barcode: 24753
ห้องสมุดวิทยาเขตสวรรค์ประชารักษ์
►หนังสือทั่วไป
บนชั้น

BibComment


ยังไม่เคยถูกคอมเมนท์

คอมเมนท์ทรัพยากรรายการนี้
  คอมเมนท์: OB GYN update ..


 Copyright 2026. Bcnsprnw @Library